Guess The Male Singers Pt. 1 - Statistics

General Stats
  • This quiz has been taken 750 times
    535 since last reset
  • The average score is 25 of 48
Answer Stats
Picture Answer % Correct
Ed Sheeran
95%
Michael Jackson
95%
Justin Bieber
93%
Bruno Mars
91%
Eminem
90%
Harry Styles
90%
Drake
89%
Elvis Presley
87%
Kanye West
87%
The Weeknd
87%
Boy George
84%
Post Malone
82%
Bob Marley
81%
Justin Timberlake
78%
Jay-Z
75%
John Lennon
75%
Shawn Mendes
73%
David Bowie
69%
Freddie Mercury
68%
Paul McCartney
65%
Prince
61%
Notorious B.I.G.
57%
Ice Cube
56%
Mick Jagger
52%
Will.i.am
45%
Bono
44%
Stevie Wonder
40%
Ozzy Osbourne
38%
Sting
38%
Marvin Gaye
37%
Buddy Holly
35%
Phil Collins
35%
Gene Simmons
33%
Chuck Berry
31%
Bruce Springsteen
29%
Iggy Pop
27%
Robert Smith
23%
Robert Plant
21%
Johnny Cash
20%
Neil Diamond
18%
Neil Young
18%
Tom Petty
18%
Steve Perry
16%
Bill Withers
15%
Vince Neil
13%
Eric Clapton
9%
Bob Seger
5%
Gregg Allman
5%
No matching quizzes found
Score Distribution
Percent of People with Each Score
Percentile by Number Answered
Your Score History
You have not taken this quiz since the last reset